الحاسوب والبرمجيات الجاهزة : (رقم التسجيلة. 143102)

تفاصيل مارك
000 -الفاتح
عناصر البيانات ثابتة الطول 01014cam a2200241 i 4500
005 - تاريخ ووقت آخر معاملة
حقل ضبط 20251108175820.0
008 - عناصر البيانات ثابتة الطول
عناصر البيانات ثابتة الطول 250721s2018 jo gr 000 0 ara d
082 14 - رقم تصنيف ديوي العشري
رقم التصنيف 005.1
رقم المادة ز ع ب
100 1# - مدخل رئيسي – اسم شخصي
الاسم الشخصي الزعبي، محمد بلال
علاقة الشخص بالعمل/ دوره مؤلف
245 10 - بيان العنوان
العنوان الحاسوب والبرمجيات الجاهزة :
بقية العنوان المهارات الأساسية عربي انجليزي /
بيان المسؤولية أ. د. محمد بلال الزعبي [وثلاثة آخرون].
246 10 - الأشكال المختلفة للعنوان
العنوان الفعلي/العنوان المختصر Hardware & Software
250 ## - بيان الطبعة
بيان الطبعة الطبعة الخامسة.
264 1# - بيانات النشر، التوزيع…إلخ
مكان النشر، التوزيع...إلخ عمان :
اسم الناشر، الموزع...إلخ زمزم ناشرون وموزعون،
تاريخ النشر، التوزيع...إلخ 2018.
300 ## - الوصف المادي
عدد الوحدات المكونة للوعاء 547 صفحة.
500 ## - ملاحظات عامة
ملاحظات عامة يغطي امتحان رخصة قيادة الحاسوب الدولية ICDL5.
650 17 - مدخل إضافي بالموضوع - مصطلح موضوعي
مصطلح موضوعي أو اسم جغرافي كعنصر مدخل الحواسيب
650 17 - مدخل إضافي بالموضوع - مصطلح موضوعي
مصطلح موضوعي أو اسم جغرافي كعنصر مدخل برامج الحاسوب.
700 1# - مدخل إضافي - اسم شخصي
الاسم الشخصي الشرايعة، احمد
علاقة الشخص بالعمل/ دوره مؤلف.
700 1# - مدخل إضافي - اسم شخصي
الاسم الشخصي الزعبي، خالدة محمد
علاقة الشخص بالعمل/ دوره مؤلف.
700 1# - مدخل إضافي - اسم شخصي
الاسم الشخصي عبدالله، سهير
علاقة الشخص بالعمل/ دوره مؤلف.
942 ## - بيانات إضافية (كوها)
نوع التنصيف Dewey Decimal Classification
نوع المادة (كوها) مراجع
المقتنيات
حالة السحب حالة الفقدان مصدر التصنيف حالة التلف غير قابل للإعارة المكتبة الرئيسية المكتبة الحالية موقع الرف تاريخ التزويد الرقم المتسلسل Total Checkouts رقم الإستدعاء الباركود تاريخ آخر ظهور تاريخ الفاتورة نوع المادة (كوها)
    Dewey Decimal Classification   Not For Loan المكتبة المركزية المكتبة المركزية مراجع 28/07/2025 1770993   م / 005.1 / ز ع ب PLD00495541 28/07/2025 28/07/2025 مراجع
Implemented & Customized by: BBB with SCIT (Smart Chains for Information Technology)

Powered by Koha